| 000 | 00542nam a22001577a 4500 | ||
|---|---|---|---|
| 999 |
_c19382 _d19382 |
||
| 008 | 240227b ||||| |||| 00| 0 eng d | ||
| 020 | _a9781529730425 | ||
| 082 |
_aDC 001.42 _bQ251 2023 |
||
| 100 |
_aStevens, Peter A.J. _953427 |
||
| 245 |
_aQualitative data analysis : _bkey approaches / _cEdited by Peter A.J. Stevens. |
||
| 260 |
_aLondon : _bSage publications Ltd, _c©2023. |
||
| 300 |
_axi, 386 pages : _billustrations ; _c24 cm. |
||
| 500 | _aIncludes index. | ||
| 650 |
_aQualitative research _xMethodology. _946277 |
||
| 942 |
_2ddc _cDC |
||